| 000 | 01304cam a2200325 a 4500 | ||
|---|---|---|---|
| 001 | 4591 | ||
| 003 | FISKH | ||
| 005 | 20240917142337.0 | ||
| 008 | 080627s2009 nyua b 000 1 eng | ||
| 010 | _a 2008020853 | ||
| 020 | _a9780448450780 (pbk.) | ||
| 040 |
_aDLC _cDLC _dDLC _beng |
||
| 050 | _aPZ7 | ||
| 082 | _a445 | ||
| 100 | 1 | _aHapka, Cathy. | |
| 245 | 1 | 0 |
_aAnimalia : _bTalent-O-Topia / _cby Cathy Hapka ; based on the teleplay by Deanna Oliver. |
| 260 |
_aNew York : _bGrosset & Dunlap, _c2009. |
||
| 300 |
_a48 pages : _bcolor illustrations ; _c23 cm |
||
| 490 | 0 | _aAll aboard reading. Station stop 2, reading with help | |
| 500 | _a"Based on the animated television series inspired by Graeme Bases's Animalia." | ||
| 505 | _aK | ||
| 520 | _aWhen Zoe learns that Allegra cant read, she helps the gator write a song for Animalias big talent contest. Iggy and GBubu are excited for the talent show, too! This easy-to-read is perfect for Animaliafans who are just starting to read on their own! | ||
| 521 | 8 |
_a510
_bLexile estimate |
|
| 521 | 8 |
_aK
_bRaz-Plus |
|
| 650 |
_a Classroom Library _vGrades K-2 _xNorth Ward |
||
| 730 | 0 | _aAnimalia (Television program) | |
| 906 |
_a7 _bcbc _corignew _d1 _eecip _f20 _gy-gencatlg |
||
| 942 |
_2ddc _cBK _n0 |
||
| 999 |
_c4591 _d4591 |
||